Malaysia's political economy : politics, patronage and profits /

محفوظ في:
التفاصيل البيبلوغرافية
المؤلف الرئيسي: Gomez, Edmund Terence.
التنسيق: كتاب
اللغة:English
منشور في: New York : Cambridge University Press, 1999.
الموضوعات:
الوسوم: إضافة وسم
لا توجد وسوم, كن أول من يضع وسما على هذه التسجيلة!
Thư viện lưu trữ: Mạng thư viện Đại học Đà Nẵng
LEADER 00959cam a2200349 i 4500
001 000045245
003 4416
005 20041014081902.0
008 010220b1999 vm 000 eng
020 |a 0521663687 
040 |a IRC  |c IRC  |d IRC 
041 0 |a eng 
082 1 4 |a 338.9595  |b GO-E 
100 1 |a Gomez, Edmund Terence. 
245 0 0 |a Malaysia's political economy :  |b politics, patronage and profits /  |c Edmund Terence Gomez. 
260 |a New York :  |b Cambridge University Press,  |c 1999. 
300 |a xix, 228p. :  |b maps. 
630 0 4 |a Economics. 
630 0 4 |a Malaysia. 
650 0 4 |a Malaysia  |b Economic conditions. 
650 0 4 |a Malaysia  |b Economic policy. 
650 0 4 |a Malaysia  |b Politics and government. 
OWN |a DUT 
999 |a From the UDN01 
TYP |a Monograph 
TYP |a Printed language 
980 |a Mạng thư viện Đại học Đà Nẵng